000 00907cam a22001814a 4500
005 20250605164356.0
008 250528s ||||||||||||||||||||||||d
035 _a24344
040 _aGR-AtMCL
_bgre
_dGR-AtMCL
_eAACR2
245 1 _aΗ Αγκαλιά / Σύλλογος Προστασίας Αγέννητου Παιδιού
260 _bΣύλλογος Προστασίας Αγέννητου Παιδιού - Η Αγκαλιά,
_c2017
300 _a34
520 _aΟι Δραστηριότητες της Αγκαλιάς, Ιστορίες Ζωής, Η Προσφορά της Αγκαλιάς, Υγεία και Επιστήμη: Πρόληψη του Γυναικολογικού Καρκίνου, Σάρκωση και Ανάσταση, Η Αγκαλιά Ταξιδεύει.
700 1 _aΜεταλληνού Βαρβάρα
_99450
942 _cCR
999 _c9232
_d9232